000 00579nam a2200169Ia 4500
005 20240930005057.0
008 240331s9999 xx 000 0 und d
020 _a0802078060
082 _bBal
_a808
100 _aBal, M
245 0 _aNarratology introduction to the theory of narrative
250 _a2nd
260 _aLondon
_bUniversity of Toronto press
_c1997
300 _axv, 254 p .,
500 _aThis introduction to narratology aims at presenting a systematic account of a theory of narrative for use in the study of literary and other narrative texts.
942 _cL
999 _c3123
_d3123